Handbook of thin film deposition processes and techniques , principles, methods, equpment and applicaitons (Record no. 572279)

000 -LEADER
fixed length control field 00582nam a22001937a 4500
003 - CONTROL NUMBER IDENTIFIER
control field CEME
005 - DATE AND TIME OF LATEST TRANSACTION
control field 20210628203126.0
008 - FIXED-LENGTH DATA ELEMENTS--GENERAL INFORMATION
fixed length control field 210201b xxu||||| |||| 00| 0 eng d
020 ## - INTERNATIONAL STANDARD BOOK NUMBER
International Standard Book Number 0815514425
040 ## - CATALOGING SOURCE
Transcribing agency .
082 ## - DEWEY DECIMAL CLASSIFICATION NUMBER
Classification number 621.38172 HAN
100 ## - MAIN ENTRY--PERSONAL NAME
Personal name Seshan, Krishna
9 (RLIN) 63469
245 ## - TITLE STATEMENT
Title Handbook of thin film deposition processes and techniques , principles, methods, equpment and applicaitons
250 ## - EDITION STATEMENT
Edition statement 2ND
260 ## - PUBLICATION, DISTRIBUTION, ETC.
Place of publication, distribution, etc. NEW YORK
Name of publisher, distributor, etc. NOYES PUBLICATIONS
Date of publication, distribution, etc. 2002
300 ## - PHYSICAL DESCRIPTION
Extent XVIII, 317P
650 ## - SUBJECT ADDED ENTRY--TOPICAL TERM
Topical term or geographic name entry element THIN FILM DEVICES-DESIGN AND CONSTRUCTION.
9 (RLIN) 63470
942 ## - ADDED ENTRY ELEMENTS (KOHA)
Koha item type Book
Source of classification or shelving scheme
Holdings
Withdrawn status Lost status Damaged status Not for loan Permanent Location Current Location Shelving location Date acquired Total Checkouts Full call number Barcode Date last seen Price effective from Koha item type
        College of Electrical & Mechanical Engineering (CEME) College of Electrical & Mechanical Engineering (CEME) General Stacks 07/25/2017   621.38172 HAN CEME-45709 06/28/2021 06/28/2021 Book
        College of Electrical & Mechanical Engineering (CEME) College of Electrical & Mechanical Engineering (CEME) General Stacks 07/25/2017   621.38172 HAN CEME-45710 06/28/2021 06/28/2021 Book
© 2023 Central Library, National University of Sciences and Technology. All Rights Reserved.